• 首页
  • 本馆介绍
  • 公告通知
  • 最新文献
  • 馆藏检索
  • 电子资源
  • 读者导购
  • 参考咨询
  • 我的图书馆
  • 登录
  • 详细信息显示
  • 放入我的书架
  • 预约/预借图书
  • 作者相关作品
  • 分类相关作品
  • 丛书相关作品
  • 出版社相关作品

书目信息

  • 表格格式
  • 工作单格式
  • 卡片格式
题名:
中国技术进步方向及其对要素收入分配结构的影响
    
 
作者: 王林辉 , 董直庆 著
分册:  
出版信息: 北京   经济科学出版社  2016
页数: 213页
开本: 21cm
丛书名: 中国技术进步系列丛书
单 册:
中图分类: F124.7
科图分类:
主题词: 技术进步--ji shu jin bu--影响--按要素分配--分配结构--研究--中国
电子资源:
ISBN: 978-7-5141-6397-1
000 01202nam0 22002771 450
001 1730282919
005 20170525101453.0
010    @a978-7-5141-6397-1@dCNY36.00
100    @a20160614d2016 em y0chiy50 ea
101 0  @achi
102    @aCN@b110000
105    @ay z 000yy
106    @ar
200 1  @a中国技术进步方向及其对要素收入分配结构的影响@Azhong guo ji shu jin bu fang xiang ji qi dui yao su shou ru fen pei jie gou de ying xiang@f王林辉,董直庆等著
210    @a北京@c经济科学出版社@d2016
215    @a213页@d21cm
225 2  @a中国技术进步系列丛书@Azhong guo ji shu jin bu xi lie cong shu
300    @a国家社会科学基金一般项目 国家社科基金青年项目 教育部新世纪优秀人才项目资助
330    @a本书内容包括:我国技术进步偏向性及其对要素收入分配格局的影响机理;我国技术进步技能偏向性及其对要素收入分配格局的影响;适宜性技术进步方向与收入分配政策选择等。
461  0 @12001 @a中国技术进步系列丛书
606 0  @a技术进步@Aji shu jin bu@x影响@x按要素分配@x分配结构@x研究@y中国
690    @aF124.7@v5
701  0 @c(满)@a王林辉@Awang lin hui@c(女,@f1973-)@4著
701  0 @a董直庆@Adong zhi qing@f(1974-)@4著
801  0 @aCN@bTANG WEI@c20170522
905    @b0968548-52@dF124.7@e279@f5
    
    中国技术进步方向及其对要素收入分配结构的影响/王林辉,董直庆等著.-北京:经济科学出版社,2016
    213页;21cm.-(中国技术进步系列丛书)
    国家社会科学基金一般项目 国家社科基金青年项目 教育部新世纪优秀人才项目资助
    
    ISBN 978-7-5141-6397-1:CNY36.00
    本书内容包括:我国技术进步偏向性及其对要素收入分配格局的影响机理;我国技术进步技能偏向性及其对要素收入分配格局的影响;适宜性技术进步方向与收入分配政策选择等。
●
相关链接 在E读中查询图书 在五车中查询图书 在当当中查询图书 在豆瓣中查询图书


正题名:中国技术进步方向及其对要素收入分配结构的影响     索取号:F124.7/279         预约/预借

序号 登录号 条形码 馆藏地/架位号 状态 备注
1 0968548   209685483   第一样本阅览室/ [索取号:F124.7/279] 在馆    
2 0968549   209685492   第一借阅区/ [索取号:F124.7/279] 在馆    
3 0968550   209685508   密集书库-海洋学院/ [索取号:F124.7/279] 在馆    
4 0968551   209685517   第一借阅区/ [索取号:F124.7/279] 在馆    
5 0968552   209685526   第一借阅区/ [索取号:F124.7/279] 在馆    
唐山师范学院图书馆 欢迎您!
大连网信软件有限公司© 版权所有